00522cam a22001574a 4500020001500000040000800015082002600023100002200049245004500071260003200116300003100148490001200179500009700191650002900288710004700317 a2296000053 cDLC a490 HAR 2005 A024 Or.1 aRongier, Jacques.10aParlons kouy :bune langue môn-khmer / aParis :bHarmattan,cc2005. a292 p. :b3 maps ;c22 cm.0 aParlons a"En collaboration avec l'Institut de la langue khmère de l'Académie royale du Cambodge." 0aKui language (Mon-Khmer)2 aVidyāsthān Bhāsā Jāti (Cambodia)